Liste des Canidés - Statistiques

Statistiques générales
  • Ce quiz a été pris 62 fois
  • Le résultat moyen est 9 sur 35
Statistiques - réponses
Genre Nom scientifique Espèce % Correct
Canis lupus Loup gris
100%
Lycaon Lycaon pictus Lycaon
66%
Vulpes vulpes Renard roux
59%
Canis aureus Chacal doré
48%
Canis latrans Coyote
45%
Vulpes Vulpes zerda Fennec
45%
Vulpes lagopus Renard polaire
41%
Otocyon Otocyon megalotis Otocyon
34%
Chrysocyon Chrysocyon brachyurus Loup à crinière
27%
Urocyon Urocyon cinereoargentus Renard gris d'Amérique
27%
Nictereutes Nictereutes procyonoides Chien viverrin
23%
Cuon Cuon alpinus Dhole
23%
Canis silmensis Loup d’Abyssinie
20%
Vulpes bengalensis Renard du Bengale
20%
Canis rufus Loup rouge
18%
Vulpes corsac Renard corsac
18%
Speothos Speothos venaticus Chien des buissons
16%
Vulpes chama Renard du Cap
16%
Vulpes macrotis Renard nain
16%
Vulpes velox Renard véloce
16%
Lycalopex gymnocerus Renard d’Aszara
14%
Vulpes cana Renard de Blanford
14%
Lycalopex fulvipes Renard de Darwin
14%
Lycalopex culpaeus Renard de Magellan
14%
Vulpes rueppellii Renard de Ruppel
14%
Lycalopex sechurae Renard du désert austral
14%
Vulpes ferrilata Renard du Tibet
14%
Vulpes pallida Renard pale
14%
Canis Canis mesomelas Chacal à chabraque
11%
Cerdocyon Cerdocyon thous Renard des savanes
11%
Lycalopex griseus Renard gris d’Argentine
11%
Urocyon littoralis Renard gris insulaire
11%
Canis adustus Chacal à flancs rayés
9%
Atelocynus Atelocynus microtis Renard des buissons à oreilles courtes
9%
Lycalopex Lycalopex vetulus Renard chenu
7%
Aucun quiz correspondant
Distribution des résultats
% des personnes avec chaque résultat
Percentile par nombre de réponses
Votre historique - résultats
Vous n’avez pas pris ce quiz